| 000 | 00902nam a22001937a 4500 | ||
|---|---|---|---|
| 003 | JO-AjAnu | ||
| 005 | 20250308130831.0 | ||
| 008 | 250308b jo ||||| |||| 00| 0 ara d | ||
| 040 | _cJO-AjAnu | ||
| 041 | _hara | ||
| 100 |
_aالنظامي، بشرى محمد علي _eمعد _966467 |
||
| 245 |
_aمسؤولية الطبيب المدنية عن استخدام الآلات الطبية الحديثة = The doctor's civil responsibility for the use of modern medical equipment _c/ إعداد بشرى محمد علي النظامي ؛ اشراف منتصر احمد القضاة |
||
| 260 | _c2025 | ||
| 300 | _a91 ورقة | ||
| 500 | _aرسالة جامعية، جامعة عجلون الوطنية/ كلية الحقوق، 2025 | ||
| 650 | _vمسؤولية طبية-الطب-قوانين وانظمة | ||
| 700 |
_aالقضاة، منتصر احمد _965269 _eمشرف |
||
| 942 |
_2lcc _cTHS _n0 |
||
| 999 |
_c33872 _d33872 |
||